000 00699nam a2200181Ia 4500
008 090124s9999 xx 000 0 und d
082 _b120379
100 _aशिरवळकर सुहास
245 _a" बिनशर्त, चाहूल ( दोन कादं. एकत्रित )"
250 _a1
260 _c1984
300 _a167
600 _aशिरवळकर सुहास
630 _a" बिनशर्त, चाहूल ( दोन कादं. एकत्रित )"
700 _aशिरवळकर सुहास
730 _a" बिनशर्त, चाहूल ( दोन कादं. एकत्रित )"
942 _cBOOK
999 _c166465
_d166465